<?xml version="1.0" encoding="UTF-8"?>
<marc:record xmlns:marc="http://www.loc.gov/MARC21/slim">
   <marc:leader>00000nam a2200000 a 4500</marc:leader>
   <marc:datafield ind1="1" ind2=" " tag="100">
      <marc:subfield code="a">Simma, Elmar</marc:subfield>
      <marc:subfield code="4">aut</marc:subfield>
      <marc:subfield code="e">Verfasser/-in</marc:subfield>
   </marc:datafield>
   <marc:datafield ind1="0" ind2="0" tag="245">
      <marc:subfield code="a">Dem Weg vertrauen</marc:subfield>
   </marc:datafield>
   <marc:datafield ind1="0" ind2="0" tag="245">
      <marc:subfield code="b">Ein kleines ABC der Lebenskunst. Von Adam bis Zweifel: Gedanken eines bewährten Seelsorgers</marc:subfield>
   </marc:datafield>
   <marc:datafield ind1="0" ind2="0" tag="245">
      <marc:subfield code="c">Elmar Simma</marc:subfield>
   </marc:datafield>
   <marc:datafield ind1=" " ind2="1" tag="264">
      <marc:subfield code="a">Innsbruck</marc:subfield>
      <marc:subfield code="b">Tyrolia</marc:subfield>
      <marc:subfield code="c">2024</marc:subfield>
   </marc:datafield>
   <marc:datafield ind1="1" ind2=" " tag="520">
      <marc:subfield code="a">Weil das Leben reich ist&#xD;
Das Gute bestärken, mit den Sorgen umgehen &#xD;
&#xD;
Aus den Buchstaben des ABCs stellt Erfolgsautor Elmar Simma eine gesunde Mischung für das seelisch-geistliche Wohlbefinden zusammen. Die Gedanken zu den 26 Buchstaben werden zu Puzzleteilen einer Lebenskunst, die verknüpft ist mit der Hoffnung, dass vieles im Leben schon gut ist und gut wird. Bei D wie Dankbarkeit regt der Autor dazu an, sich einen Bildband des Gelungenen im Leben vorzustellen, beim Buchstaben N führt der Autor in das Südtiroler Dorf Naturns, um dort vom Fresko des „Heiligen auf der Schaukel“ Leichtigkeit und Fröhlichkeit zu übernehmen. X wie Xanthippe widmet sich dem Streit und der notwendigen Wertschätzung für eine konstruktive Konfliktlösung – um nur einige Beispiele zu nennen.&#xD;
&#xD;
Simma bietet christliche Lebensbestärkung, die aus den Erfahrungen des Seelsorgers sowie aus Gebeten und Gedichten schöpft. Er ermutig dazu, das Gute im Leben wahrzunehmen, ohne die Sorgen zu übergehen.</marc:subfield>
   </marc:datafield>
   <marc:datafield ind1=" " ind2=" " tag="020">
      <marc:subfield code="a">9783702241810</marc:subfield>
      <marc:subfield code="9">9783702241810</marc:subfield>
   </marc:datafield>
   <marc:datafield ind1=" " ind2=" " tag="020">
      <marc:subfield code="a">3702241817</marc:subfield>
      <marc:subfield code="9">3702241817</marc:subfield>
   </marc:datafield>
   <marc:datafield ind1=" " ind2=" " tag="041">
      <marc:subfield code="a">ger</marc:subfield>
   </marc:datafield>
   <marc:datafield ind1=" " ind2=" " tag="300">
      <marc:subfield code="a">176 Seiten</marc:subfield>
   </marc:datafield>
</marc:record>
